Képek Bánsági szentegyházak - Czank Gábor fényképei /
Elmentve itt :
| Szerző: | |
|---|---|
| Dokumentumtípus: | Könyv része |
| Megjelent: |
2014
|
| Sorozat: | A vallási kultúrakutatás könyvei
Bánsági áhitat |
| Kulcsszavak: | Egyháztörténet - katolikus - Bánság - fotók |
| Tárgyszavak: | |
| Online Access: | http://acta.bibl.u-szeged.hu/67152 |
| LEADER | 00933naa a2200241 i 4500 | ||
|---|---|---|---|
| 001 | acta67152 | ||
| 005 | 20211004112521.0 | ||
| 008 | 200522s2014 hu o 0|| hun d | ||
| 020 | |a 978-963-306-259-3 | ||
| 022 | |a 2064-4825 | ||
| 040 | |a SZTE Egyetemi Kiadványok Repozitórium |b hun | ||
| 041 | |a hun | ||
| 100 | 1 | |a Czank Gábor | |
| 245 | 1 | 0 | |a Képek |h [elektronikus dokumentum] : |b Bánsági szentegyházak - Czank Gábor fényképei / |c Czank Gábor |
| 260 | |c 2014 | ||
| 300 | |a 87-137 | ||
| 490 | 0 | |a A vallási kultúrakutatás könyvei | |
| 490 | 0 | |a Bánsági áhitat | |
| 650 | 4 | |a Bölcsészettudományok | |
| 650 | 4 | |a Filozófia, etika és vallástudományok | |
| 650 | 4 | |a Művészetek (művészetek, művészettörténet, előadóművészetek, zene) | |
| 695 | |a Egyháztörténet - katolikus - Bánság - fotók | ||
| 856 | 4 | 0 | |u http://acta.bibl.u-szeged.hu/67152/1/vallasi_kulturakutatas_konyvei_009_087-137.pdf |z Dokumentum-elérés |